000 01040cam a22002778i 4500
001 22379367
003 OSt
005 20250611155816.0
008 220111t20222022enk b 001 0 eng
020 _a9781108495226
_q(hardback)
040 _aPSt/DLC
_beng
_erda
_cNUST
_dNUST
050 0 0 _aQB843 LYN
100 1 _aLyne, A. G.,
_eauthor.
245 1 0 _aPulsar astronomy /
_cAndrew Lyne, University of Manchester, Francis Graham-Smith, University of Manchester, Benjamin Stappers, University of Manchester.
250 _aFifth edition.
260 _aUnited Kingdom,
_bCambridge University Press,
_c2011.
300 _axi,403 pages :
_billustrations;
_c26 cm
336 _atext
_btxt
_2rdacontent
337 _aunmediated
_bn
_2rdamedia
338 _avolume
_bnc
_2rdacarrier
504 _aIncludes bibliographical references and index.
650 0 _aPulsars.
700 1 _aGraham-Smith, Francis,
_d1923-
_eauthor.
700 1 _aStappers, Benjamin,
_d1972-
_eauthor.
942 _2lcc
_n0
_cBOOKS
_eFifth Edition
_hQB843.LYN
_kQB
_mLYN
999 _c171748
_d171748